Фройд (Запис номер 83203)
[ съкратено ]
| 000 -Лидер | |
|---|---|
| Контролно поле с фиксирана дължина | 01962nam a2200445 c 4500 |
| 003 - Код на организацията, давaща контролен номер | |
| Контролно поле | BLK |
| 005 - Дата и час на последна редакция | |
| Контролно поле | 20180420224730.0 |
| 008 - Елементи от данни с фиксирана дължина | |
| fixed length control field | 180408b bul|||||r ||||||| ||bul|| |
| 010 ## - Наследен системен номер | |
| LC control number | KNG00087748000 |
| 020 ## - Международен стандартен номер на книга ISBN | |
| Международен стандартен номер на книга ISBN | 978-954-320-210-2 |
| -- | издат.: Рива |
| 040 ## - Източник на каталожния запис | |
| Идентификатор на билиотеката - собственик на записа | BLK |
| 041 ## - Код за език | |
| Код за езика на текст/звукозапис или на отделно заглавие | Български |
| Код за езика КДБФ | Български |
| 080 ## - УДК | |
| Текстов определител УДК | Психоанализа |
| УДК код - определител по УДК | 159.964.2 |
| УДК определител | (436)(092) |
| УДК - код + определител | 159.964.2(436)(092) |
| 080 ## - УДК | |
| Текстов определител УДК | Ортодоксална психоанализа. Учение на Фройд. Активна психоанализа (по Щекел), нео-психоанализа |
| УДК код - определител по УДК | 615.851.134 |
| УДК определител | (436)(092) |
| УДК - код + определител | 615.851.134(436)(092) |
| 080 ## - УДК | |
| Текстов определител УДК | Австрийски психолог и психиатър |
| УДК код - определител по УДК | 929 Фройд, Зигмунд |
| УДК определител | |
| УДК - код + определител | 929 Фройд, Зигмунд |
| 100 1# - Редна дума - Автор | |
| Автор | Мажор, Рьоне |
| Авторска отговорност | първи автор |
| R(LIN) | 90757 |
| 139 ## - Редно поле | |
| Редна дума | Мажор, Рьоне и др. |
| Авторски знак | Фро - Ф 85 |
| 245 10 - Сведения за заглавието | |
| Заглавие | Фройд |
| Редно поле (дума) | Рьоне Мажор; съавт. Шантал Талагран; прев. от фр. Милена Кирилова. |
| 257 ## - Страна на издаване | |
| Страна на създаване/издаване | Франция |
| 260 ## - Област на издателските данни | |
| -- | София |
| Име на издателя, разпространителя и проч. | Рива |
| Година на издаване | 2009 |
| Печатница | В. Търново : Абагар |
| 300 ## - Физическа характеристика | |
| Страници | 320 с. |
| Размери/Мащаб | 20 см |
| 380 ## - Жанр | |
| Жанр | Философия |
| 490 1# - СЕРИИ (Колекции) | |
| Име на серия | Биографии |
| 500 ## - Общи забележки | |
| Забележка | Ориг. загл. Freud / Rene Major et Chantal Talagrand. - Офс. изд. - Библиогр. с. 313-319. |
| 504 ## - Забележка за наличие на библиография и др | |
| Забележка за наличие на библиография и под. | 313-319 |
| 600 14 - Име на лице, използвано като предмет | |
| За него / За нея | Фройд, Зигмунд |
| 9 (RLIN) | 244303 |
| 650 #4 - Допълнително описание по предмет – тема | |
| Основно описание – тема или топоним | Фройд, Зигмунд |
| 9 (RLIN) | 244303 |
| 650 #4 - Допълнително описание по предмет – тема | |
| Основно описание – тема или топоним | Психоаналитици, австрийски |
| 9 (RLIN) | 281069 |
| 651 #4 - Допълнително описание по предмет - топоним | |
| Географско понятие | Австрия |
| 9 (RLIN) | 245450 |
| 653 ## - Ключова дума – ненормативна | |
| Ключова дума | Зигмунд Фройд |
| 653 ## - Ключова дума – ненормативна | |
| Ключова дума | психоаналитици |
| 653 ## - Ключова дума – ненормативна | |
| Ключова дума | биографии |
| 700 1# - Други автори (авторска отговорност) | |
| Лично име | Талагран, Шантал |
| Автороска отговорност (Описва отношението между автора и произведението) | съавт. |
| 9 (RLIN) | 127403 |
| 700 1# - Други автори (авторска отговорност) | |
| Лично име | Кирилова, Милена |
| Автороска отговорност (Описва отношението между автора и произведението) | прев. от фр. |
| 9 (RLIN) | 300872 |
| 852 ## - Местоположение | |
| Форматна сигнатура | Цб 242780 |
| 856 4# - Електронен адрес и достъп | |
| Електронен формат | pdf - файл |
| Път до файла /url/ | |
| 856 4# - Електронен адрес и достъп | |
| Електронен формат | pdf - файл |
| Път до файла /url/ | |
| 942 ## - АРТИКУЛИ | |
| Вид на библиотечния материал | Книги |
| Скрит в OPAC | Не |
| Koha issues (borrowed), all copies | 1 |
| 944 ## - СЪЗДАВАНЕ И РЕДАКЦИЯ на ЗАПИСА | |
| Създаване/Редакция | Създаване |
| Дата на регистрацията/редакция | 11.02.2009 |
| Статус, дата на статуса | ф / |
| Служител, извършил регистрацията/редакцията | Валя_Йорданова |
| 944 ## - СЪЗДАВАНЕ И РЕДАКЦИЯ на ЗАПИСА | |
| Създаване/Редакция | Редакция |
| Дата на регистрацията/редакция | 10.11.2010 |
| Статус, дата на статуса | ф / |
| Служител, извършил регистрацията/редакцията | |
| 999 ## - СИСТЕМНИ КОНТРОЛНИ НОМЕРА | |
| Koha biblionumber | 83203 |
| Koha biblioitemnumber | 83203 |
| Код за отписване | Код за изгубен артикул | Източник на класификационната схема | Код за повреда | Коз за рестрикции | Код за отдаване | Артикулен № | Име на библиотеката - собственик | Име на библиотеката, в която се намира в момента | Статус (Текущо местоположение) | Дата на вписване в системата | Местоположение - отдел | Цена в лева | Инвентарен номер | Систематично азбучна сигнатура | Баркод | Номер на екземпляра | Цена в евро | Служебна бележка | Служебен тип на артикула |
|---|---|---|---|---|---|---|---|---|---|---|---|---|---|---|---|---|---|---|---|
| Изтеглен | Не е изгубен | Universal Decimal Classification | Не е повреден | без рестрикции | заемане за дома | 135322 | Регионална библиотека "Любен Каравелов" Русе | Регионална библиотека "Любен Каравелов" Русе | Заемна - подръчен фонд | 2009-02-11 | Заемна - подръчен фонд | 13.50 | 120000733482 | П 159.96/Ф 85 | 120000733482 | 1 | 6.90 | Дост: Pk Вид: Ф N: 14316 Дата: 05.02.2009 | Книги |
| Не е изгубен | Не е повреден | без рестрикции | ползва се в читалня | 135323 | Регионална библиотека "Любен Каравелов" Русе | Регионална библиотека "Любен Каравелов" Русе | Хранилище | 2010-11-10 | Хранилище | 13.50 | 120000747224 | Цб 242780 | 120000747224 | 2 | 6.90 | Дост: Dp Вид: Д N: 11 Дата: 04.03.2010 | Книги |